| 000 | 00332nam a2200133Ia 4500 | ||
|---|---|---|---|
| 005 | 20260328101526.0 | ||
| 008 | 260328s9999||||xx |||||||||||||| ||und|| | ||
| 100 | _aMako, Vladimir | ||
| 245 | 0 |
_aAesthetic Throughts on Architecture / _cVladimir Mako |
|
| 260 | _bAntiquity | ||
| 300 | _a105 p. | ||
| 650 | _aARQUITECTURA | ||
| 942 | _cBK | ||
| 999 |
_c9807 _d9807 |
||